Movies Quiz

Random Movies or Disney Quiz
Score 0/20 Timer 06:00
0 Plays Today
Number Character % Correct
1Bob Parr a.k.a. Mr. Incredible
96.8%
3Dash Parr
90.8%
4Violet Parr
90.6%
5Jack-Jack Parr
90.2%
9Lucius Best a.k.a. Frozone
85.6%
2Helen Parr a.k.a. Elastigirl
83.9%
6Edna 'E' Mode
79.5%
7Buddy Pine a.k.a. Syndrome
75.7%
20The Underminer
50.1%
8Mirage
41%
Number Character % Correct
19Bomb Voyage
38.8%
11Simon J. Paladino a.k.a. Gazerbeam
31.1%
16Kari McKeen
23.1%
10Rick Dicker
16.9%
17Dynaguy
15.4%
13Thunderhead
14.5%
12Stratogale
11.5%
18Gilbert Huph
10.4%
15Splashdown
9%
14Meta Man
6.6%
Remove Ads.
Support Sporcle.
Get the best of Sporcle when you Go Orange. This ad-free experience offers more features, more stats, and more fun while also helping to support Sporcle. Thank you for becoming a member.

You're not logged in!

Compare scores with friends on all Sporcle quizzes.
OR
Log In

Show Comments

Extras

Top Quizzes Today


Score Distribution

Your Account Isn't Verified!

In order to create a playlist on Sporcle, you need to verify the email address you used during registration. Go to your Sporcle Settings to finish the process.

Report this User

Report this user for behavior that violates our Community Guidelines.

Details: